[Event "Yuzhny op"]
[Site "Yuzhny"]
[Date "2008.09.22"]
[Round "4"]
[White "Kurayan, Ruslan"]
[Black "Stepaniuk, Alexander"]
[Result "1-0"]
[WhiteElo "2155"]
[BlackElo "2294"]
[PlyCount "109"]
[EventDate "2008.09.20"]
[EventType "swiss"]
[EventRounds "9"]
[EventCountry "UKR"]
[SourceTitle "CBM 126 Extra"]
[Source "ChessBase"]
[SourceDate "2008.11.05"]
[SourceVersion "1"]
[SourceVersionDate "2008.11.05"]
[SourceQuality "1"]

1. c4 c5 2. Nc3 Nf6 3. g3 g6 4. Bg2 Bg7 5. a3 Nc6 6. Qa4 0-0 7. b4 cxb4 8. axb4 a5 9. b5 Nb4 10. Ba3 d5 11. Rc1 Be6 12. Bxb4 axb4 13. Qxb4 dxc4 14. Bxb7 Rb8 15. Bc6 Nd5 16. Bxd5 Bxd5 17. Nxd5 Qxd5 18. Nf3 Qxb5 19. Qxb5 Rxb5 20. 0-0 c3 21. dxc3 Rc8 22. c4 Rbc5 23. Nd2 Bb2 24. Rc2 Ba3 25. Rb1 R5c7 26. e3 h5 27. Kf1 Kg7 28. Ke2 h4 29. gxh4 Rh8 30. Nf3 Rhc8 31. Rb3 Bd6 32. Kd3 e6 33. Rb5 Bc5 34. Rc1 Rh8 35. Rg1 Kf6 36. Rg5 Rhc8 37. h5 gxh5 38. Rxh5 Bf8 39. Rh4 Ke7 40. Rg4 Ra8 41. Kc2 Ra2+ 42. Rb2 Ra4 43. Nd2 f5 44. Rg1 Kf7 45. Rgb1 Raa7 46. Kd3 Rd7+ 47. Ke2 Bg7 48. Rc2 Rdc7 49. c5 Bf8 50. c6 Bd6 51. Nc4 Rxc6 52. Ne5+ Bxe5 53. Rxc6 Bxh2 54. f4 Bg3 55. Rh1 1-0

[Event "Yuzhny op"]
[Site "Yuzhny"]
[Date "2008.09.21"]
[Round "2"]
[White "Stepaniuk, Alexander"]
[Black "Chudinovskih, Alexander N"]
[Result "1-0"]
[WhiteElo "2294"]
[BlackElo "2371"]
[PlyCount "89"]
[EventDate "2008.09.20"]
[EventType "swiss"]
[EventRounds "9"]
[EventCountry "UKR"]
[SourceTitle "CBM 126 Extra"]
[Source "ChessBase"]
[SourceDate "2008.11.05"]
[SourceVersion "1"]
[SourceVersionDate "2008.11.05"]
[SourceQuality "1"]

1. e4 e5 2. Nf3 Nc6 3. Bb5 a6 4. Bxc6 dxc6 5. 0-0 f6 6. d3 Bd6 7. Be3 Ne7 8. Nbd2 0-0 9. d4 exd4 10. Bxd4 Ng6 11. Re1 c5 12. Be3 Be6 13. Nf1 Qd7 14. a4 Rae8 15. Qd3 Qc6 16. Ng3 Kh8 17. a5 c4 18. Qc3 Bf7 19. Nd4 Qd7 20. Ndf5 Be5 21. Bd4 Qb5 22. Bxe5 Nxe5 23. Rad1 h5 24. h3 g6 25. Qe3 g5 26. f4 Qxb2 27. fxg5 Rg8 28. gxf6 Rg6 29. Nxh5 Qxc2 30. Nf4 Rxf6 31. Rd2 Qb3 32. Qf2 Ng6 33. Nh5 c3 34. Rd3 Qe6 35. Qd4 Ne5 36. Nxf6 Qxf6 37. Rxc3 Rg8 38. Kh1 Rd8 39. Qe3 c5 40. Rf1 Bc4 41. Rfc1 Re8 42. Qxc5 Bb5 43. Nd6 Rf8 44. Nxb5 axb5 45. Qxf8+ 1-0

[Event "Rodatychi op"]
[Site "Rodatychi"]
[Date "2006.08.30"]
[Round "6"]
[White "Razin, Vadim"]
[Black "Stepaniuk, Alexander"]
[Result "1-0"]
[WhiteElo "2089"]
[BlackElo "2292"]
[PlyCount "87"]
[EventDate "2006.08.27"]
[EventType "swiss"]
[EventRounds "9"]
[EventCountry "UKR"]
[SourceTitle "EXT 2008"]
[Source "ChessBase"]
[SourceDate "2007.11.25"]
[SourceVersion "1"]
[SourceVersionDate "2007.11.25"]
[SourceQuality "1"]

1. d4 Nf6 2. Nf3 g6 3. c4 Bg7 4. Nc3 0-0 5. e4 d6 6. Be2 Nbd7 7. 0-0 e5 8. Re1 c6 9. Bf1 a5 10. Rb1 Re8 11. b3 exd4 12. Nxd4 Ng4 13. Qxg4 Bxd4 14. Qg3 Qf6 15. Bb2 Nc5 16. Rbd1 Be5 17. Qe3 Ne6 18. Ba1 g5 19. Na4 Qh6 20. Bxe5 dxe5 21. Nb6 Rb8 22. Rd6 Qg7 23. Qg3 Nf4 24. c5 Be6 25. Red1 h5 26. Qc3 h4 27. Nd7 Ra8 28. Nb6 Rab8 29. Qxa5 Kh7 30. Bc4 h3 31. Bxe6 Nxe6 32. gxh3 Qg6 33. Nd7 Ra8 34. Qc3 Qg7 35. Qf3 g4 36. Qf5+ Kh8 37. hxg4 Nf4 38. Nf6 Rf8 39. Qxe5 Nh3+ 40. Kf1 Qg5 41. Qg3 Nf4 42. h4 Qe5 43. Nh5 Ng6 44. Rxg6 1-0

[Event "Rodatychi op"]
[Site "Rodatychi"]
[Date "2006.08.29"]
[Round "4"]
[White "Kosikov, Andrey"]
[Black "Stepaniuk, Alexander"]
[Result "0-1"]
[WhiteElo "2152"]
[BlackElo "2292"]
[PlyCount "82"]
[EventDate "2006.08.27"]
[EventType "swiss"]
[EventRounds "9"]
[EventCountry "UKR"]
[SourceTitle "EXT 2008"]
[Source "ChessBase"]
[SourceDate "2007.11.25"]
[SourceVersion "1"]
[SourceVersionDate "2007.11.25"]
[SourceQuality "1"]

1. Nf3 g6 2. c4 Bg7 3. d4 Nf6 4. Nc3 0-0 5. g3 d6 6. Bg2 Nc6 7. 0-0 a6 8. e4 Bg4 9. h3 Bxf3 10. Bxf3 Nd7 11. d5 Nd4 12. Bg2 c5 13. dxc6 bxc6 14. Rb1 c5 15. f4 Rb8 16. b3 e6 17. Bb2 Qc7 18. f5 exf5 19. exf5 Nxf5 20. Rxf5 gxf5 21. Nd5 Qd8 22. Bxg7 Kxg7 23. Qh5 f6 24. Qxf5 Kh8 25. Rf1 Qe8 26. Kh2 Qf7 27. Nc3 Rbe8 28. Bc6 Re3 29. Ne4 Re2+ 30. Kh1 Ne5 31. Bd5 Qd7 32. Qh5 Rxa2 33. g4 Qe7 34. Rf5 Ng6 35. Qh6 Qg7 36. Qxg7+ Kxg7 37. Nxd6 Ne7 38. Rf3 Rd2 39. Nf5+ Nxf5 40. gxf5 Rb8 41. Rg3+ Kh6 0-1

[Event "Rodatychi op"]
[Site "Rodatychi"]
[Date "2006.08.29"]
[Round "5"]
[White "Stepaniuk, Alexander"]
[Black "Vovk, Yuri"]
[Result "0-1"]
[WhiteElo "2292"]
[BlackElo "2441"]
[PlyCount "70"]
[EventDate "2006.08.27"]
[EventType "swiss"]
[EventRounds "9"]
[EventCountry "UKR"]
[SourceTitle "EXT 2008"]
[Source "ChessBase"]
[SourceDate "2007.11.25"]
[SourceVersion "1"]
[SourceVersionDate "2007.11.25"]
[SourceQuality "1"]

1. e4 c5 2. Nf3 e6 3. d4 cxd4 4. Nxd4 a6 5. Bd3 Nf6 6. 0-0 Qc7 7. Qe2 d6 8. c4 g6 9. Nc3 Bg7 10. Kh1 0-0 11. f4 Nbd7 12. Nf3 b6 13. Bd2 Bb7 14. Rae1 Rfe8 15. b4 Nh5 16. Rc1 f5 17. Ng5 h6 18. Nh3 Bd4 19. Rfe1 Ndf6 20. Nf2 Qg7 21. Qf1 g5 22. exf5 gxf4 23. Nfe4 exf5 24. Nxf6+ Qxf6 25. Be2 Ng3+ 26. hxg3 fxg3 27. Qf4 Be5 28. Qxh6 Qxh6+ 29. Bxh6 Re6 30. Bd2 Kg7 31. Kg1 Rh8 32. Be3 f4 33. Bxb6 Reh6 34. Kf1 Rh1+ 35. Bg1 Rxg1+ 0-1

[Event "Minsk Inautomarket op"]
[Site "Minsk"]
[Date "2006.07.17"]
[Round "8"]
[White "Stepaniuk, Alexander"]
[Black "Karavaev, Vladimir"]
[Result "1-0"]
[WhiteElo "2292"]
[BlackElo "2430"]
[PlyCount "119"]
[EventDate "2006.07.10"]
[EventType "swiss"]
[EventRounds "9"]
[EventCountry "BLR"]
[SourceTitle "CBM 113 Extra"]
[Source "ChessBase"]
[SourceDate "2006.09.14"]
[SourceVersion "1"]
[SourceVersionDate "2006.09.14"]
[SourceQuality "1"]

1. e4 d5 2. exd5 Qxd5 3. Nf3 Nf6 4. d4 e6 5. Bd3 c5 6. Nc3 Qd8 7. dxc5 Bxc5 8. 0-0 Nc6 9. Bg5 Be7 10. Qe2 h6 11. Bf4 Bd6 12. Bxd6 Qxd6 13. Rad1 Qe7 14. Ne4 0-0 15. Rfe1 Nd5 16. Qd2 Rd8 17. a3 e5 18. Nc3 Kh8 19. Nxd5 Rxd5 20. Qe3 Be6 21. c4 Rd7 22. Nxe5 Nxe5 23. Qxe5 Rad8 24. Be2 Qh4 25. Rxd7 Bxd7 26. g3 Qh3 27. Bf1 Qg4 28. h3 Qf5 29. Qd4 Re8 30. Rxe8+ Bxe8 31. Bg2 Bc6 32. Bxc6 bxc6 33. Qxa7 Qxh3 34. Qa8+ Kh7 35. Qxc6 Qg4 36. Qd5 f5 37. c5 h5 38. Kf1 h4 39. gxh4 f4 40. Ke1 Qg1+ 41. Ke2 Qc1 42. Qd4 Kg6 43. Kd3 Kf5 44. Ke2 Qc2+ 45. Kf1 Kg4 46. Kg2 g6 47. Qc3 Qa4 48. c6 Kxh4 49. c7 Qe4+ 50. Kf1 Qh1+ 51. Ke2 Qe4+ 52. Kd1 Qh1+ 53. Kc2 Qe4+ 54. Kb3 Qb7+ 55. Ka2 Qc8 56. a4 g5 57. a5 Kg4 58. Qc6 Kh4 59. a6 Qg8+ 60. b3 1-0

[Event "Minsk Inautomarket op"]
[Site "Minsk"]
[Date "2006.07.16"]
[Round "7"]
[White "Tihonov, Jurij"]
[Black "Stepaniuk, Alexander"]
[Result "1/2-1/2"]
[WhiteElo "2504"]
[BlackElo "2292"]
[PlyCount "64"]
[EventDate "2006.07.10"]
[EventType "swiss"]
[EventRounds "9"]
[EventCountry "BLR"]
[SourceTitle "CBM 113 Extra"]
[Source "ChessBase"]
[SourceDate "2006.09.14"]
[SourceVersion "1"]
[SourceVersionDate "2006.09.14"]
[SourceQuality "1"]

1. d4 Nf6 2. c4 g6 3. Nc3 Bg7 4. Nf3 0-0 5. Bg5 d6 6. e3 h6 7. Bh4 Nbd7 8. Be2 e5 9. Qc2 c6 10. Rd1 Qe7 11. 0-0 g5 12. dxe5 dxe5 13. Bg3 Nh5 14. Nd2 Nxg3 15. hxg3 f5 16. g4 Nf6 17. gxf5 e4 18. Ndxe4 Nxe4 19. Nxe4 Bxf5 20. Bd3 Bxe4 21. Bxe4 Rad8 22. b3 Rxd1 23. Rxd1 Rd8 24. Rxd8+ Qxd8 25. Qe2 Qe8 26. Qg4 Kf8 27. g3 Ke7 28. Qf5 Kd8 29. b4 Qe5 30. Qh7 Kc7 31. Qg8 Qe7 32. a4 Bc3 1/2-1/2

[Event "UKR Universiad B1 6th"]
[Site "Evpatoria"]
[Date "2003.05.17"]
[Round "9"]
[White "Romanchuk, Viktor"]
[Black "Stepaniuk, Alexander"]
[Result "1/2-1/2"]
[WhiteElo "2284"]
[BlackElo "2292"]
[PlyCount "90"]
[EventDate "2003.05.13"]
[EventType "swiss"]
[EventRounds "9"]
[EventCountry "UKR"]
[SourceTitle "EXT 2008"]
[Source "ChessBase"]
[SourceDate "2007.11.25"]
[SourceVersion "1"]
[SourceVersionDate "2007.11.25"]
[SourceQuality "1"]

1. d4 Nf6 2. c4 g6 3. g3 Bg7 4. Bg2 0-0 5. Nc3 d6 6. Nf3 Nbd7 7. 0-0 e5 8. e4 exd4 9. Nxd4 Nc5 10. h3 Re8 11. Re1 a5 12. Qc2 Nfd7 13. Be3 c6 14. Rad1 a4 15. f4 Qa5 16. Bf2 Nb6 17. Bf1 Qb4 18. Nb1 Bd7 19. Qc3 Qxc3 20. Nxc3 Re7 21. e5 Rae8 22. Nf3 a3 23. Rxd6 Nca4 24. Nxa4 Nxa4 25. b3 Nc3 26. Rd2 Bf5 27. Nh4 Ne4 28. Nxf5 gxf5 29. Rdd1 f6 30. exf6 Bxf6 31. Bd3 Nc3 32. Rxe7 Rxe7 33. Rd2 Rd7 34. Be1 Rxd3 35. Rxd3 Nxa2 36. b4 Bb2 37. b5 cxb5 38. cxb5 Nc1 39. Rd8+ Kf7 40. Ra8 Ke6 41. Kg2 Kd5 42. Bb4 a2 43. Bd2 a1Q 44. Rxa1 Bxa1 45. Bxc1 Kc5 1/2-1/2

[Event "UKR Universiad B1 6th"]
[Site "Evpatoria"]
[Date "2003.05.14"]
[Round "4"]
[White "Stepaniuk, Alexander"]
[Black "Truskavetsky, Alexandr"]
[Result "1-0"]
[WhiteElo "2292"]
[BlackElo "2374"]
[PlyCount "53"]
[EventDate "2003.05.13"]
[EventType "swiss"]
[EventRounds "9"]
[EventCountry "UKR"]
[SourceTitle "EXT 2008"]
[Source "ChessBase"]
[SourceDate "2007.11.25"]
[SourceVersion "1"]
[SourceVersionDate "2007.11.25"]
[SourceQuality "1"]

1. e4 c5 2. Nf3 d6 3. d4 cxd4 4. Nxd4 Nf6 5. Nc3 g6 6. Be3 Bg7 7. f3 Nc6 8. Qd2 h5 9. 0-0-0 Bd7 10. Kb1 Rc8 11. Nd5 0-0 12. Nb3 Be6 13. Bh6 Bxh6 14. Qxh6 Bxd5 15. exd5 Nb4 16. c4 b5 17. cxb5 Nbxd5 18. Bd3 Nc7 19. g4 hxg4 20. fxg4 Nxg4 21. Qg5 Ne5 22. h4 Ne6 23. Qh6 Ng4 24. Qd2 f5 25. h5 g5 26. Rhg1 Qe8 27. Nd4 1-0